The UNIX Programming Environment (Record no. 7342)

000 -LEADER
fixed length control field 00397nam a2200157Ia 4500
008 - FIXED-LENGTH DATA ELEMENTS--GENERAL INFORMATION
fixed length control field 190920s9999||||xx |||||||||||||| ||und||
020 ## - INTERNATIONAL STANDARD BOOK NUMBER
International Standard Book Number 9788120304994
082 ## - DEWEY DECIMAL CLASSIFICATION NUMBER
Classification number 519.5
Item number KER/U
100 ## - MAIN ENTRY--PERSONAL NAME
Personal name Kernighan, Brian W.
245 #4 - TITLE STATEMENT
Title The UNIX Programming Environment
250 ## - EDITION STATEMENT
Edition statement 1st Edition
260 ## - PUBLICATION, DISTRIBUTION, ETC.
Place of publication, distribution, etc. New Delhi
Name of publisher, distributor, etc. Prentice Hall India
Date of publication, distribution, etc. 1984
300 ## - PHYSICAL DESCRIPTION
Extent 357p.
700 ## - ADDED ENTRY--PERSONAL NAME
Personal name Pike Rob
942 ## - ADDED ENTRY ELEMENTS (KOHA)
Koha item type Book
952 ## - LOCATION AND ITEM INFORMATION (KOHA)
Lost status
Holdings
Withdrawn status Collection code Permanent Location Current Location Cost, normal purchase price Full call number Accession no. Koha item type
  School of Data Science (Noida) MUIT-NOIDA MUIT-NOIDA 125.00 5195 KER/T DSC00179 Reference Book

All Rights Reserved@MUIT

Powered by Koha